| 000 | 00600nam a2200193Ia 4500 | ||
|---|---|---|---|
| 005 | 20260114185722.0 | ||
| 008 | 008 260114s9999 xx 000 0 eng d | ||
| 020 | _a9781472599018 | ||
| 037 | _aEBOOK | ||
| 040 |
_aCRL _beng _cCRL |
||
| 041 |
_aeng _2eng |
||
| 084 | _qCRL | ||
| 100 |
_aThomas N. Bisson _9873543 |
||
| 245 | 0 | _aMedieval France and her Pyrenean Neighbours Studies in Early Institutional History | |
| 260 |
_bBloomsbury _c1989 |
||
| 856 | _uhttps://doi.org/10.5040/9781472599018?locatt=label:secondary_bloomsburyCollections | ||
| 942 | _cEBOOK | ||
| 999 |
_c1472491 _d1472491 |
||